00870nab a2200253 uc450000100070000000500170000700800410002403500110006503500210007604000130009704100080011010000340011824501170015265000290026965000290029865000340032765000240036165000260038565000180041170000350042977301230046494200100058799900190059783891320240810085825.0030820e20030705 eng  a838913 a(OCoLC)820072889 ccomduadb aeng10aJones, A.W.4auteaut937853510aComparison of blood ethanol concentration in deaths attributed to acute alcohol poisoning nad chronic alcoholism aCiencias forenses919043 7aAlcoholismo2embne91602 aToxicología forense9122351 7aMuerte2lemb929798 aIntoxicaciones936390 aEtanol97108410aHolmgren, P.4auteaut93785360 tJournal of Forensic Sciences (Colorado Springs, Co)gVol. 48, No. 04, Jul. 2003, p. 874-879w432111x0022-11980114745 cARIMP c291193d291193